| 000 | 00795nam a2200205Ia 4500 | ||
|---|---|---|---|
| 008 | 0000001984 usa 0000000000eng00 | ||
| 020 | _a915557444 | ||
| 090 | _aPUS00 G85g | ||
| 100 | 1 | _aGumpert, Lynn | |
| 245 | 1 | 0 |
_aGolub _c/ Lynn Gumpert, Ned Rifkin |
| 300 |
_a95 p. _c/ 21 cm. |
||
| 500 | _aExposición realizada en The New Museum of Contemporary Art, New York, Septiembre 23 Noviembre 25, 1984 \ Con el patronazgo del maestro venezolano Jesús Rafael Soto (q.e.p.d.) | ||
| 600 | 0 | 0 |
_aGOLUB, LEON, 1922200/ _xTRABAJOS PICTORICOS |
| 650 | 1 | 4 | _aARTE CONTEMPORANEO ESTADOUNIDENSE |
| 650 | 1 | 4 | _xCATALOGOS |
| 650 | 1 | 4 | _xEXPOSICIONES |
| 650 | 1 | 4 | _aPINTORES ESTADOUNIDENSES |
| 650 | 1 | 4 | _aPINTURA ESTADOUNIDENSE |
| 999 |
_c6031 _d6031 |
||
| 260 |
_aNew York : New Museum o Contemporary Art _c1984 |
||